[Event "Quebec-ch classe"]
[Site "Trois-Rivieres CAN"]
[Date "2009.10.11"]
[Round "5"]
[White "Tessier, Olivier"]
[Black "Bolduc, Steve"]
[Result "0-1"]
[WhiteElo "2257"]
[BlackElo "2238"]
[PlyCount "62"]
[GameId "2160767910096520"]
[EventDate "2009.10.09"]
[EventType "swiss"]
[EventRounds "5"]
[EventCountry "CAN"]
[SourceTitle "EXT 2011"]
[Source "ChessBase"]
[SourceDate "2011.11.26"]
[SourceVersion "1"]
[SourceVersionDate "2011.11.26"]
[SourceQuality "1"]

1. d4 Nf6 2. c4 e6 3. Nf3 b6 4. g3 Ba6 5. b3 d5 6. Bg2 c6 7. Qc2 Be7 8. O-O O-O 9. Ne5 Nfd7 10. Nxd7 Nxd7 11. e4 Rc8 12. Ba3 b5 13. exd5 cxd5 14. Bxe7 Qxe7 15. c5 Qf6 16. Qb2 Nxc5 17. b4 Na4 18. Qd2 Rc4 19. Rd1 Rfc8 20. Bf1 Rc2 21. Qf4 Qxf4 22. gxf4 Rb2 23. Na3 Rxb4 24. Rdc1 Nb6 25. Rxc8+ Bxc8 26. Nxb5 Bd7 27. Nxa7 g6 28. a4 Bxa4 29. Rc1 Rxd4 30. Nb5 Bxb5 31. Bxb5 Rxf4 0-1

[Event "Quebec-ch classe"]
[Site "Trois-Rivieres CAN"]
[Date "2009.10.11"]
[Round "5.1"]
[White "Mai, Lloyd"]
[Black "Rainfray, Arnaud"]
[Result "0-1"]
[WhiteElo "2282"]
[BlackElo "2391"]
[PlyCount "204"]
[GameId "2160767740617006"]
[EventDate "2009.10.09"]
[EventType "swiss"]
[EventRounds "5"]
[EventCountry "CAN"]
[TimeControl "6000"]

1. e4 c5 2. Nf3 Nc6 3. Nc3 e6 4. g3 d5 5. d3 Nf6 6. Bf4 d4 7. Ne2 Be7 8. Bg2 O-O 9. O-O b6 10. Ne1 Bb7 11. Bd2 c4 12. dxc4 Ne5 13. Bf4 Nxc4 14. b3 e5 15. bxc4 exf4 16. e5 Ne4 17. Nxf4 Nc3 18. Qd3 Bxg2 19. Kxg2 Qd7 20. Nf3 Rfd8 21. Rfe1 Qc6 22. Kg1 Rac8 23. Nxd4 Qxc4 24. Qxc4 Rxc4 25. Nf5 Bf8 26. e6 fxe6 27. Nxe6 Rd2 28. Ne3 Ra4 29. Nxf8 Kxf8 30. a3 Nb5 31. Reb1 Nc3 32. Rb4 Rd4 33. Rb3 Ne4 34. Rd1 Rxd1+ 35. Nxd1 Nd2 36. Rd3 Rd4 37. Rxd4 Nf3+ 38. Kf1 Nxd4 39. c3 Nf3 40. h4 b5 41. Ke2 Ne5 42. Nb2 Ke7 43. f4 Nc6 44. Ke3 h5 45. Ke4 Ke6 46. c4 b4 47. axb4 Nxb4 48. Nd3 Nxd3 49. Kxd3 a5 50. Kd4 Kd6 51. f5 a4 52. Kc3 Kc5 53. g4 hxg4 54. f6 gxf6 55. h5 g3 56. h6 g2 57. h7 g1=Q 58. h8=Q Qd4+ 59. Kc2 Qxc4+ 60. Kb1 Qb3+ 61. Ka1 Qc3+ 62. Ka2 Qd4 63. Qc8+ Kb4 64. Qb7+ Kc3 65. Qf3+ Kc2 66. Qc6+ Kd2 67. Qg2+ Ke1 68. Qh1+ Ke2 69. Qh5+ Ke3 70. Qh3+ Kf4 71. Qh2+ Ke4 72. Qe2+ Kd5 73. Qf3+ Kd6 74. Qg3+ Kd5 75. Qf3+ Kc5 76. Qa3+ Kb5 77. Qf8 Qd5+ 78. Ka1 Qe5+ 79. Ka2 f5 80. Qa8 Qe6+ 81. Ka1 Qe1+ 82. Ka2 Qd2+ 83. Ka1 Qd4+ 84. Ka2 f4 85. Qe8+ Kb4 86. Qe1+ Kc4 87. Qc1+ Kd5 88. Qh1+ Qe4 89. Qd1+ Qd4 90. Qh1+ Kc5 91. Qh7 Qd5+ 92. Kb2 f3 93. Qa7+ Kb5 94. Qb8+ Kc4 95. Qc7+ Kd3 96. Qg3 Ke2 97. Qg4 Qb3+ 98. Ka1 Qc3+ 99. Ka2 a3 100. Qe4+ Kd1 101. Qb1+ Qc1 102. Qb5 Qb2+ 0-1

[Event "Quebec-ch classe"]
[Site "Trois-Rivieres CAN"]
[Date "2009.10.11"]
[Round "5.4"]
[White "Masse, Hugues"]
[Black "Larochelle, Martial"]
[Result "1/2-1/2"]
[WhiteElo "2257"]
[BlackElo "2155"]
[PlyCount "31"]
[GameId "2160767910096521"]
[EventDate "2009.10.09"]
[EventType "swiss"]
[EventRounds "5"]
[EventCountry "CAN"]

1. Nf3 d5 2. c4 e6 3. d4 Nf6 4. Nc3 c6 5. Bg5 Nbd7 6. e3 Qa5 7. Nd2 dxc4 8. Bxf6 Nxf6 9. Nxc4 Qc7 10. Be2 Be7 11. O-O O-O 12. a3 b6 13. b4 Bb7 14. Bf3 Rfd8 15. Qb3 Rab8 16. Rab1 1/2-1/2

[Event "Quebec-ch classe U1600"]
[Site "Trois-Rivieres CAN"]
[Date "2009.10.09"]
[Round "1"]
[White "Martin, Robert"]
[Black "Allard dos Santos, Alexandre"]
[Result "1-0"]
[WhiteElo "1533"]
[BlackElo "1408"]
[PlyCount "91"]
[GameId "2160767910096522"]
[EventDate "2009.10.09"]
[EventType "swiss"]
[EventRounds "5"]
[EventCountry "CAN"]
[SourceTitle "hb 2016"]

1. e4 c5 2. Nf3 Nc6 3. Nc3 d6 4. d4 cxd4 5. Nxd4 Nf6 6. Be2 g6 7. Be3 Bg7 8. Qd2 O-O 9. O-O-O Bd7 10. h4 a6 11. h5 b5 12. hxg6 fxg6 13. Nxc6 Bxc6 14. f3 Be8 15. Bh6 b4 16. Bc4+ Bf7 17. Bxf7+ Rxf7 18. Nd5 b3 19. axb3 Bh8 20. Be3 a5 21. Nxf6+ Bxf6 22. Bd4 a4 23. b4 a3 24. bxa3 Rxa3 25. Bxf6 Rxf6 26. Kb2 Ra6 27. e5 Rf5 28. Qc3 Qb6 29. exd6 Ra4 30. Qb3+ Kg7 31. Qxa4 exd6 32. Rhe1 Rb5 33. c3 Rg5 34. Qd7+ Kh6 35. Rh1+ Rh5 36. Rxh5+ Kxh5 37. Rh1+ Kg5 38. Qe7+ Kf5 39. g4+ Kf4 40. Qf6+ Kg3 41. Qd4 Qa6 42. Re1 Kxf3 43. Re3+ Kg2 44. Qe4+ Kg1 45. Qc2 h5 46. Re1+ 1-0

[Event "Quebec-ch classe U1600"]
[Site "Trois-Rivieres CAN"]
[Date "2009.10.10"]
[Round "2"]
[White "Bilodeau, Jean-Marc"]
[Black "Martin, Robert"]
[Result "0-1"]
[WhiteElo "1500"]
[BlackElo "1533"]
[PlyCount "74"]
[GameId "2160767910096523"]
[EventDate "2009.10.09"]
[EventType "swiss"]
[EventRounds "5"]
[EventCountry "CAN"]
[SourceTitle "hb 2016"]

1. e4 e5 2. Bc4 Nf6 3. Nc3 Bc5 4. d3 d6 5. Bg5 h6 6. Bh4 g5 7. Bg3 Be6 8. Nd5 Nxd5 9. exd5 Bf5 10. Qe2 Qe7 11. O-O-O Nd7 12. Nf3 Bg4 13. h3 Bh5 14. Bh2 g4 15. hxg4 Bxg4 16. Bg3 O-O-O 17. d4 Bxf3 18. Qxf3 Bxd4 19. Rhe1 Bb6 20. Bb5 a6 21. Bd3 Qf6 22. Qxf6 Nxf6 23. Bh4 Nh5 24. Bxd8 Kxd8 25. f3 Ng3 26. Rd2 f5 27. Kb1 f4 28. c4 Ba5 29. Red1 Bxd2 30. Rxd2 h5 31. Kc2 h4 32. b4 h3 33. gxh3 Rxh3 34. Rf2 c6 35. dxc6 bxc6 36. a4 Kc7 37. Kc3 e4 0-1

[Event "Quebec-ch classe U1600"]
[Site "Trois-Rivieres CAN"]
[Date "2009.10.10"]
[Round "3"]
[White "Cote-Lalumiere, Tristan"]
[Black "Martin, Robert"]
[Result "1/2-1/2"]
[WhiteElo "1597"]
[BlackElo "1533"]
[PlyCount "61"]
[GameId "2160767910096524"]
[EventDate "2009.10.09"]
[EventType "swiss"]
[EventRounds "5"]
[EventCountry "CAN"]
[SourceTitle "hb 2016"]

1. e4 e5 2. f4 d5 3. Nf3 dxe4 4. Nxe5 Nd7 5. d4 exd3 6. Nxd3 Ngf6 7. Nc3 Be7 8. Be2 O-O 9. O-O c6 10. Be3 Nb6 11. Bf3 Be6 12. g4 Nfd5 13. Nxd5 Bxd5 14. Bc5 Bxf3 15. Rxf3 Nd5 16. Bxe7 Qxe7 17. Qd2 Rad8 18. Re1 Qc7 19. c4 Nf6 20. g5 Nd7 21. Qe2 Qb6+ 22. Re3 f6 23. g6 hxg6 24. Kg2 f5 25. Re7 Qd4 26. Qe6+ Kh7 27. Qe3 Qxe3 28. R1xe3 Kg8 29. Rg3 Rf7 30. Re6 Nf8 31. Re2 1/2-1/2

[Event "Quebec-ch classe U1600"]
[Site "Trois-Rivieres CAN"]
[Date "2009.10.11"]
[Round "4"]
[White "Martin, Robert"]
[Black "Girard, Sylvain"]
[Result "1-0"]
[WhiteElo "1533"]
[BlackElo "1597"]
[PlyCount "51"]
[GameId "2160767910096525"]
[EventDate "2009.10.09"]
[EventType "swiss"]
[EventRounds "5"]
[EventCountry "CAN"]
[SourceTitle "hb 2016"]

1. e4 Nf6 2. e5 Nd5 3. d4 d6 4. exd6 cxd6 5. c4 Nf6 6. Nf3 Bf5 7. Nc3 e6 8. h3 Nc6 9. g4 Nxg4 10. hxg4 Bxg4 11. Be2 Be7 12. Be3 Qb6 13. Qd2 Na5 14. b3 Qc6 15. d5 Qd7 16. Nd4 e5 17. Ndb5 Bxe2 18. Nxe2 b6 19. Rg1 Bf8 20. f4 Nb7 21. O-O-O Nc5 22. Bxc5 bxc5 23. fxe5 dxe5 24. d6 O-O-O 25. Qd5 Qb7 26. Qxc5+ 1-0

[Event "Quebec-ch classe U1600"]
[Site "Trois-Rivieres CAN"]
[Date "2009.10.11"]
[Round "5"]
[White "Martin, Robert"]
[Black "Leclerc, Luc-Olivier"]
[Result "0-1"]
[WhiteElo "1533"]
[BlackElo "1504"]
[PlyCount "56"]
[GameId "2160767910096526"]
[EventDate "2009.10.09"]
[EventType "swiss"]
[EventRounds "5"]
[EventCountry "CAN"]
[SourceTitle "hb 2016"]

1. e4 c6 2. d4 d5 3. Nc3 dxe4 4. Nxe4 Bf5 5. Ng3 Bg6 6. Nf3 Nd7 7. Bd3 Ngf6 8. Be3 e6 9. O-O Bd6 10. Re1 Qc7 11. c3 O-O-O 12. a4 e5 13. Qc2 Rde8 14. Bxg6 hxg6 15. dxe5 Nxe5 16. Nxe5 Bxe5 17. a5 Kb8 18. Bd4 Bxd4 19. Rxe8+ Rxe8 20. cxd4 Rd8 21. Qc4 Rd5 22. b4 Qd6 23. Ne2 Rb5 24. Qxf7 Qxb4 25. Qxg6 Rxa5 26. Rb1 Qe7 27. Kf1 Ne4 28. Re1 Nd2+ 0-1

[Event "Quebec-ch classe U1800"]
[Site "Trois-Rivieres CAN"]
[Date "2009.10.09"]
[Round "1"]
[White "Jobin, Gilles"]
[Black "Chevalier, Francois"]
[Result "0-1"]
[WhiteElo "1688"]
[BlackElo "1758"]
[PlyCount "70"]
[GameId "2160767910096527"]
[EventDate "2009.10.09"]
[EventType "swiss"]
[EventRounds "5"]
[EventCountry "CAN"]
[SourceTitle "hb 2016"]

1. e4 c6 2. d4 d5 3. Nc3 dxe4 4. Nxe4 Nd7 5. Bc4 Ngf6 6. Bxf7+ Kxf7 7. Ng5+ Kg8 8. c3 Nb6 9. Qb3+ Qd5 10. f3 Qxb3 11. axb3 h6 12. Ne4 Nxe4 13. fxe4 Bg4 14. Ra5 Nd7 15. h3 b6 16. Ra1 Bh5 17. g4 Bg6 18. e5 e6 19. Ne2 Be7 20. Nf4 Bf7 21. h4 Bxh4+ 22. Rxh4 g5 23. Rh2 gxf4 24. Bxf4 Kg7 25. Ke2 h5 26. Rh4 hxg4 27. Rxg4+ Bg6 28. Rag1 Nf8 29. b4 Kf7 30. R4g2 Rd8 31. Bg5 Rd7 32. Bf6 Rh7 33. Ke3 Bf5 34. Rg7+ Rxg7 35. Rxg7+ Ke8 0-1

[Event "Quebec-ch classe U1800"]
[Site "Trois-Rivieres CAN"]
[Date "2009.10.10"]
[Round "2"]
[White "Piche, Guy"]
[Black "Jobin, Gilles"]
[Result "0-1"]
[WhiteElo "1517"]
[BlackElo "1688"]
[PlyCount "131"]
[GameId "2160767910096528"]
[EventDate "2009.10.09"]
[EventType "swiss"]
[EventRounds "5"]
[EventCountry "CAN"]
[SourceTitle "hb 2016"]

1. d4 Nf6 2. c4 g6 3. Nc3 Bg7 4. Nf3 O-O 5. e4 d6 6. Be2 Nbd7 7. O-O c5 8. Bg5 cxd4 9. Nxd4 h6 10. Be3 Nc5 11. Bf3 a5 12. Qd2 Kh7 13. Rfd1 a4 14. Ndb5 Qa5 15. Qe2 Nfd7 16. Nd5 Qd8 17. Bd4 Bxd4 18. Rxd4 Ne5 19. Rc1 Ne6 20. Rd2 Ng5 21. Nd4 Be6 22. h4 Ngxf3+ 23. Nxf3 Bg4 24. Ne3 Nxf3+ 25. gxf3 Bd7 26. e5 Ra6 27. c5 Rc6 28. exd6 exd6 29. Ng2 Qf6 30. Rcd1 Rxc5 31. Rxd6 Be6 32. Rb6 Rc7 33. Qe4 Rd8 34. Re1 Qd4 35. Rb4 Qxe4 36. Rbxe4 b5 37. a3 Rc2 38. R4e2 Rdd2 39. Rxd2 Rxd2 40. Nf4 Bc4 41. Re5 Rxb2 42. Nd5 Rb3 43. Nf6+ Kg7 44. Ne8+ Kf8 45. Nd6 Rxf3 46. Re3 Rxe3 47. fxe3 Bd3 48. Nb7 Ke7 49. Nc5 Bc2 50. Kf2 Kd6 51. Na6 Ke5 52. Ke2 Bb3 53. Kd3 Bc4+ 54. Kd2 Ke4 55. Nc5+ Kf5 56. Kc3 Kg4 57. Nxa4 Kxh4 58. Nb2 Bf1 59. Kd2 Kg3 60. Ke1 Bg2 61. Nd1 h5 62. Nc3 Bc6 63. Kf1 h4 64. Kg1 h3 65. Ne2+ Kg4 66. Nd4 0-1

[Event "Quebec-ch classe U1800"]
[Site "Trois-Rivieres CAN"]
[Date "2009.10.10"]
[Round "3"]
[White "Cloutier, Richard"]
[Black "Jobin, Gilles"]
[Result "1-0"]
[WhiteElo "1769"]
[BlackElo "1688"]
[PlyCount "85"]
[GameId "2160767910096529"]
[EventDate "2009.10.09"]
[EventType "swiss"]
[EventRounds "5"]
[EventCountry "CAN"]
[SourceTitle "hb 2016"]

1. e4 e5 2. Nf3 Nc6 3. d4 exd4 4. Nxd4 Bc5 5. Be3 Qf6 6. c3 Nge7 7. Bc4 Ne5 8. Be2 d6 9. O-O Bd7 10. Nd2 Bb6 11. f4 N5c6 12. Nc4 Nxd4 13. cxd4 Qe6 14. Nxb6 axb6 15. Qb1 Bc6 16. Bd3 f5 17. e5 O-O 18. b3 b5 19. Be2 Nd5 20. Bd2 dxe5 21. dxe5 b4 22. Qb2 Ra5 23. Bc4 Qe7 24. Qd4 Kh8 25. Bxd5 Rxd5 26. Qxb4 Qf7 27. Rae1 Rfd8 28. Rf2 Rd4 29. Qc3 Rd3 30. Qb2 Qd5 31. Be3 Bb5 32. h3 Rd1 33. Rxd1 Qxd1+ 34. Kh2 Qe1 35. Rd2 Bd3 36. Bf2 Qe4 37. Bg3 h5 38. Qc3 h4 39. Bxh4 Qxf4+ 40. g3 Qd4 41. Qxc7 Ra8 42. Qd6 Qxd6 43. exd6 1-0

[Event "Quebec-ch classe U1800"]
[Site "Trois-Rivieres CAN"]
[Date "2009.10.11"]
[Round "4"]
[White "Jobin, Gilles"]
[Black "Gagnon, Gabriel"]
[Result "0-1"]
[WhiteElo "1688"]
[BlackElo "1752"]
[PlyCount "71"]
[GameId "2160767910096530"]
[EventDate "2009.10.09"]
[EventType "swiss"]
[EventRounds "5"]
[EventCountry "CAN"]
[SourceTitle "hb 2016"]

1. e4 e5 2. Nf3 Nf6 3. d4 Nxe4 4. Bd3 d5 5. Nxe5 Bd6 6. Nf3 Bg4 7. O-O O-O 8. c4 c6 9. c5 Bc7 10. Nbd2 f5 11. Qb3 Nxd2 12. Nxd2 Rf6 13. g3 Rh6 14. Nf3 f4 15. Ne5 Bxe5 16. dxe5 Qe8 17. Bxf4 Rxh2 18. Kxh2 Qh5+ 19. Kg1 Bf3 20. Bxh7+ Kh8 21. Qxf3 Qxf3 22. Bf5 g5 23. Bxg5 Qxf5 24. Bf6+ Kg8 25. Kg2 Kf7 26. Rae1 Nd7 27. f4 Nxc5 28. Bh4 Ne4 29. Re2 Rg8 30. Rf3 Rg4 31. Rb3 Rxh4 32. gxh4 Qg4+ 33. Kf1 Ng3+ 34. Rxg3 Qxg3 35. e6+ Ke7 36. f5 0-1

[Event "Quebec-ch classe U1800"]
[Site "Trois-Rivieres CAN"]
[Date "2009.10.11"]
[Round "5"]
[White "Jobin, Gilles"]
[Black "Ber, Alexandre"]
[Result "1-0"]
[WhiteElo "1688"]
[BlackElo "1595"]
[PlyCount "113"]
[GameId "2160767910096531"]
[EventDate "2009.10.09"]
[EventType "swiss"]
[EventRounds "5"]
[EventCountry "CAN"]
[SourceTitle "hb 2016"]

1. e4 e6 2. d4 d5 3. Nc3 Bb4 4. e5 c5 5. a3 Bxc3+ 6. bxc3 Qc7 7. Qg4 f5 8. exf6 Nxf6 9. Bb5+ Nc6 10. Qg3 Qxg3 11. hxg3 Bd7 12. Ne2 Nb8 13. a4 Bxb5 14. axb5 c4 15. Ba3 a6 16. Bb4 b6 17. f3 a5 18. Nf4 Kf7 19. g4 Nbd7 20. Ba3 g5 21. Nh5 Nxh5 22. Rxh5 h6 23. Bd6 Kg6 24. Kd2 Nf6 25. Rhh1 h5 26. gxh5+ Rxh5 27. g4 Rxh1 28. Rxh1 Nd7 29. Ke3 Kg7 30. f4 Rh8 31. Rxh8 Kxh8 32. fxg5 Kg7 33. Kf4 Kf7 34. Ke3 a4 35. Kd2 Kg6 36. Be7 Kf7 37. Bd8 Ke8 38. Bc7 Kf7 39. Kc1 Kg6 40. Bd8 Kf7 41. Kb2 Ke8 42. Bc7 Kf7 43. Ka3 Kg6 44. Bf4 Nf8 45. Kxa4 Nd7 46. Kb4 Nf8 47. Bc7 Nd7 48. Bd8 Kf7 49. Ka3 Kf8 50. Bc7 Kf7 51. Kb2 e5 52. dxe5 Nc5 53. Ka3 Nd7 54. Kb4 Ke6 55. g6 Ke7 56. g7 Kf7 57. e6+ 1-0

[Event "Quebec-ch classe U2000"]
[Site "Trois-Rivieres CAN"]
[Date "2009.10.09"]
[Round "1"]
[White "Giroux, Robert"]
[Black "Poulin, Mathieu"]
[Result "0-1"]
[WhiteElo "1854"]
[BlackElo "1959"]
[PlyCount "38"]
[GameId "2160767910096532"]
[EventDate "2009.10.09"]
[EventType "swiss"]
[EventRounds "5"]
[EventCountry "CAN"]
[SourceTitle "EXT 2011"]
[Source "ChessBase"]
[SourceDate "2011.11.26"]
[SourceVersion "1"]
[SourceVersionDate "2011.11.26"]
[SourceQuality "1"]

1. Nf3 d5 2. c4 Nf6 3. cxd5 Nxd5 4. d4 e6 5. e4 Bb4+ 6. Bd2 Bxd2+ 7. Qxd2 Nf6 8. Nc3 Nbd7 9. e5 Nd5 10. Ne4 O-O 11. Bd3 f5 12. Nc5 Qe7 13. Rc1 b6 14. Na6 c5 15. dxc5 Bxa6 16. Bxa6 Nxc5 17. Be2 Rfd8 18. Nd4 Ne4 19. Qc2 Qb4+ 0-1

[Event "Quebec-ch classe U2000"]
[Site "Trois-Rivieres CAN"]
[Date "2009.10.10"]
[Round "3"]
[White "Morissette, Jean-Sebastien"]
[Black "Poulin, Mathieu"]
[Result "1-0"]
[WhiteElo "1899"]
[BlackElo "1959"]
[PlyCount "79"]
[GameId "2160767910096533"]
[EventDate "2009.10.09"]
[EventType "swiss"]
[EventRounds "5"]
[EventCountry "CAN"]
[SourceTitle "EXT 2011"]
[Source "ChessBase"]
[SourceDate "2011.11.26"]
[SourceVersion "1"]
[SourceVersionDate "2011.11.26"]
[SourceQuality "1"]

1. d4 Nf6 2. Bg5 d5 3. Bxf6 exf6 4. e3 Bd6 5. c4 c6 6. cxd5 cxd5 7. Nc3 Be6 8. Bd3 Nc6 9. Rc1 O-O 10. Nge2 Re8 11. Ng3 g6 12. O-O f5 13. Nge2 Rc8 14. g3 Bb8 15. Qd2 g5 16. a3 Kg7 17. Na4 Qe7 18. b4 Bd6 19. Rc2 Nb8 20. Rfc1 b6 21. Nec3 f4 22. exf4 gxf4 23. Nb5 fxg3 24. hxg3 Rxc2 25. Rxc2 h6 26. Nac3 a6 27. Nxd6 Qxd6 28. Ne2 Bg4 29. Qf4 Qxf4 30. Nxf4 Bf3 31. Kf1 Be4 32. Rc7 Bxd3+ 33. Nxd3 Re6 34. Ne5 b5 35. Rxf7+ Kg8 36. Rc7 Rb6 37. Kg2 Kf8 38. f4 Ke8 39. Rc8+ Ke7 40. Rxb8 1-0

[Event "Quebec-ch classe U2000"]
[Site "Trois-Rivieres CAN"]
[Date "2009.10.10"]
[Round "3"]
[White "Schommer, Philippe"]
[Black "Kieu, Marc-Andre"]
[Result "0-1"]
[WhiteElo "1801"]
[BlackElo "1891"]
[PlyCount "52"]
[GameId "2160767910096534"]
[EventDate "2009.10.09"]
[EventType "swiss"]
[EventRounds "5"]
[EventCountry "CAN"]
[SourceTitle "EXT 2011"]
[Source "ChessBase"]
[SourceDate "2011.11.26"]
[SourceVersion "1"]
[SourceVersionDate "2011.11.26"]
[SourceQuality "1"]

1. c4 b6 2. Nf3 e6 3. g3 Bb7 4. Bg2 Nf6 5. O-O d5 6. d4 Nbd7 7. Nbd2 Be7 8. cxd5 exd5 9. a3 a5 10. Nh4 O-O 11. Nf5 Re8 12. Nxe7+ Qxe7 13. Re1 Rad8 14. Nf3 Ne4 15. Bf4 Nf8 16. Rc1 Ne6 17. Bd2 Qf6 18. Be3 c5 19. Qd3 g5 20. Red1 h5 21. Rf1 g4 22. Ne5 cxd4 23. Bf4 Nxf4 24. gxf4 Qxf4 25. Rc7 Qxe5 26. Rxb7 Nc5 0-1

[Event "Quebec-ch classe U2000"]
[Site "Trois-Rivieres CAN"]
[Date "2009.10.11"]
[Round "4"]
[White "Deschenes, Jean"]
[Black "Poulin, Mathieu"]
[Result "0-1"]
[WhiteElo "1850"]
[BlackElo "1959"]
[PlyCount "80"]
[GameId "2160767910096535"]
[EventDate "2009.10.09"]
[EventType "swiss"]
[EventRounds "5"]
[EventCountry "CAN"]
[SourceTitle "EXT 2011"]
[Source "ChessBase"]
[SourceDate "2011.11.26"]
[SourceVersion "1"]
[SourceVersionDate "2011.11.26"]
[SourceQuality "1"]

1. d4 Nf6 2. Nf3 e6 3. e3 b6 4. Bd3 Bb7 5. Nbd2 c5 6. c3 Nc6 7. O-O Be7 8. Qe2 O-O 9. dxc5 Bxc5 10. e4 d5 11. Nb3 dxe4 12. Bxe4 Nxe4 13. Qxe4 Na5 14. Qg4 Nxb3 15. axb3 Qf6 16. Be3 Bxe3 17. fxe3 Bxf3 18. Rxf3 Qg6 19. Qh4 f6 20. e4 Rfd8 21. Rg3 Qf7 22. Rf1 Kh8 23. Rh3 h6 24. g4 Qg6 25. Re3 e5 26. Re2 Rd3 27. Ref2 Qg5 28. Qxg5 hxg5 29. Ra1 Re3 30. Ra4 b5 31. Rb4 Rb8 32. c4 Rxe4 33. h3 a5 34. Rxb5 Rxb5 35. cxb5 Rb4 36. Rf3 Rxb5 37. Rc3 Kg8 38. Kf2 Kf7 39. Ke3 Ke6 40. Rd3 g6 0-1

[Event "Quebec-ch classe U2000"]
[Site "Trois-Rivieres CAN"]
[Date "2009.10.11"]
[Round "4"]
[White "Kieu, Marc-Andre"]
[Black "Morissette, Jean-Sebastien"]
[Result "1/2-1/2"]
[WhiteElo "1891"]
[BlackElo "1899"]
[PlyCount "108"]
[GameId "2160767910096537"]
[EventDate "2009.10.09"]
[EventType "swiss"]
[EventRounds "5"]
[EventCountry "CAN"]
[SourceTitle "EXT 2011"]
[Source "ChessBase"]
[SourceDate "2011.11.26"]
[SourceVersion "1"]
[SourceVersionDate "2011.11.26"]
[SourceQuality "1"]

1. e4 Nf6 2. e5 Nd5 3. d4 d6 4. c4 Nb6 5. exd6 cxd6 6. Nc3 g6 7. Be3 Bg7 8. Rc1 O-O 9. Nf3 Bg4 10. b3 Nc6 11. Be2 e5 12. O-O Bxf3 13. Bxf3 exd4 14. Bxc6 bxc6 15. Bxd4 Re8 16. Bxg7 Kxg7 17. Qd4+ Qf6 18. Rcd1 Rad8 19. f3 Qxd4+ 20. Rxd4 f5 21. Kf2 Rd7 22. Rfd1 Nc8 23. c5 d5 24. b4 a6 25. a4 Na7 26. Rb1 Rb8 27. Ke3 g5 28. Kd3 Re7 29. b5 axb5 30. axb5 cxb5 31. Rxd5 b4 32. Rxf5 Kg6 33. g4 Nc6 34. Nd5 Rd8 35. Rf6+ Kg7 36. Rxc6 Rxd5+ 37. Kc4 Rd2 38. Kxb4 Rxh2 39. Kb5 h5 40. gxh5 Rxh5 41. Kb6 Re3 42. Rc7+ Kg6 43. Rf1 Rh3 44. f4 g4 45. f5+ Kf6 46. Rc6+ Kf7 47. f6 Rhf3 48. Rd1 Rxf6 49. Rxf6+ Kxf6 50. c6 Rc3 51. c7 Ke5 52. Kb7 Kf4 53. c8=Q Rxc8 54. Kxc8 g3 1/2-1/2

[Event "Quebec-ch classe U2000"]
[Site "Trois-Rivieres CAN"]
[Date "2009.10.11"]
[Round "5"]
[White "Dumont, Felix"]
[Black "Deschenes, Jean"]
[Result "1/2-1/2"]
[WhiteElo "1844"]
[BlackElo "1850"]
[PlyCount "107"]
[GameId "2160767910096538"]
[EventDate "2009.10.09"]
[EventType "swiss"]
[EventRounds "5"]
[EventCountry "CAN"]
[SourceTitle "EXT 2011"]
[Source "ChessBase"]
[SourceDate "2011.11.26"]
[SourceVersion "1"]
[SourceVersionDate "2011.11.26"]
[SourceQuality "1"]

1. e4 c5 2. c4 Nc6 3. Nf3 d6 4. d4 cxd4 5. Nxd4 Bd7 6. Nc3 g6 7. Be3 Bg7 8. Be2 Nf6 9. O-O O-O 10. Qd2 a6 11. f3 Rc8 12. Rac1 Nxd4 13. Bxd4 Be6 14. Nd5 Bxd5 15. cxd5 Qd7 16. Bb6 Rxc1 17. Rxc1 Rc8 18. Rc2 Rxc2 19. Qxc2 h5 20. b4 e6 21. dxe6 Qxe6 22. Bf2 d5 23. exd5 Nxd5 24. Bc4 Qe5 25. g3 Ne3 26. Qc1 Nxc4 27. Qxc4 Qe7 28. Qc8+ Kh7 29. Qc5 Bf8 30. Kf1 Qxc5 31. Bxc5 Bxc5 32. bxc5 Kg7 33. Ke2 Kf6 34. Kd3 Ke5 35. Kc4 g5 36. c6 bxc6 37. Kc5 f5 38. Kxc6 Kd4 39. Kb6 Ke3 40. Kxa6 Kxf3 41. a4 f4 42. a5 Ke3 43. gxf4 gxf4 44. Kb6 f3 45. a6 f2 46. a7 f1=Q 47. a8=Q Qb1+ 48. Kc5 Qf5+ 49. Qd5 Qxd5+ 50. Kxd5 h4 51. h3 Kf3 52. Ke5 Kg3 53. Ke4 Kxh3 54. Kf3 1/2-1/2

[Event "Quebec-ch classe U2000"]
[Site "Trois-Rivieres CAN"]
[Date "2009.10.11"]
[Round "5"]
[White "Poulin, Mathieu"]
[Black "Kieu, Marc-Andre"]
[Result "1-0"]
[WhiteElo "1959"]
[BlackElo "1891"]
[PlyCount "89"]
[GameId "2160767910096540"]
[EventDate "2009.10.09"]
[EventType "swiss"]
[EventRounds "5"]
[EventCountry "CAN"]
[SourceTitle "EXT 2011"]
[Source "ChessBase"]
[SourceDate "2011.11.26"]
[SourceVersion "1"]
[SourceVersionDate "2011.11.26"]
[SourceQuality "1"]

1. d4 d5 2. c4 c6 3. cxd5 cxd5 4. Nc3 Nf6 5. Nf3 e6 6. Bf4 a6 7. e3 Bd6 8. Bxd6 Qxd6 9. Rc1 O-O 10. Bd3 Nc6 11. O-O e5 12. dxe5 Nxe5 13. Nxe5 Qxe5 14. Be2 Be6 15. Bf3 Rad8 16. Qe2 Ne4 17. Rfd1 f5 18. g3 g5 19. Bg2 g4 20. Qe1 Rf6 21. b3 Rh6 22. Ne2 Bd7 23. Nf4 Bc6 24. Rd4 Rhd6 25. Rcd1 Kf7 26. Qb4 Kf6 27. Bxe4 fxe4 28. Qc5 h5 29. a4 Kg5 30. Kf1 h4 31. gxh4+ Kxh4 32. Ke2 b6 33. Qb4 Rf6 34. Rxe4 Qxe4 35. Qxe4 dxe4 36. Rxd8 Kg5 37. Rh8 Rh6 38. Rxh6 Kxh6 39. Kd2 Kg5 40. Kc3 Kf5 41. Kd4 b5 42. a5 Bb7 43. b4 Bc6 44. Ne2 Ke6 45. Ng3 1-0

[Event "Quebec-ch int"]
[Site "Montreal CAN"]
[Date "2009.06.19"]
[Round "1"]
[White "Barbeau, Sylvain"]
[Black "Leveille, Francois"]
[Result "1-0"]
[WhiteElo "2357"]
[BlackElo "2261"]
[PlyCount "59"]
[GameId "2160767910156425"]
[EventDate "2009.06.19"]
[EventType "tourn"]
[EventRounds "9"]
[EventCountry "CAN"]
[EventCategory "7"]
[SourceTitle "CBM 130 Extra"]
[Source "ChessBase"]
[SourceDate "2009.07.02"]
[SourceVersion "2"]
[SourceVersionDate "2009.07.15"]
[SourceQuality "1"]

1. e4 e5 2. Nf3 Nf6 3. Nxe5 d6 4. Nf3 Nxe4 5. Nc3 Nf6 6. d4 Be7 7. Bd3 O-O 8. h3 c5 9. Be3 a6 10. O-O b5 11. dxc5 dxc5 12. Ne4 Qc7 13. Nxf6+ Bxf6 14. Ng5 h6 15. Nh7 Bxb2 16. Nxf8 Bxa1 17. Bh7+ Kh8 18. Be4 Nc6 19. Qxa1 f5 20. Ng6+ Kh7 21. Bxc6 Qxc6 22. Ne7 Qe4 23. Nxc8 Rxc8 24. Qc3 f4 25. Bc1 b4 26. Re1 bxc3 27. Rxe4 Rb8 28. Ba3 Rb1+ 29. Kh2 Ra1 30. Rc4 1-0